| 000 | 01632cam a2200349ua 4500 | ||
|---|---|---|---|
| 001 | 4421624 | ||
| 003 | AUA.1 | ||
| 005 | 20150416204108.0 | ||
| 008 | 840813s1983 is i 000 0 heb d | ||
| 020 | _a965170098X | ||
| 035 | _a(OCoLC)11049301 | ||
| 035 | _a(OCoLC)ocm11049301 | ||
| 035 | _a(NNC)4421624 | ||
| 040 |
_aNNUT _cNNUT _dCStRLIN |
||
| 041 | 0 | _ahebeng | |
| 090 |
_aBS 1121 .N48 _bC6 1983 |
||
| 245 | 1 | 0 |
_aA new concordance of the Bible: _bThesaurus of the language of the Bible Hebrew and Aramaic roots, words, proper names phrases and synonyms/ _cEven-Shoshan, Abraham (ed) |
| 250 | _a[Baker/Ridgefield ed.] | ||
| 260 |
_aYerushalayim : _bKiryat Sefer, _cc1983. |
||
| 300 |
_a1242 p. ; _c25 cm. |
||
| 500 | _aIncludes English language pamphlet inserted at end: Introduction to A new concordance of the Old Testament / John H. Sailhamer.-- Grand Rapids, Mich. : Baker Book House, c1984.-- 37 p. ; 23 cm. [Introductory pamphlet available only with this ed.- jacket.] | ||
| 500 | _aEd. statement from jacket. | ||
| 500 | _aTitle on spine: Ḳonḳordantsyah ḥadashah le-Tanakh. | ||
| 500 | _aAdded t.-p.: A new concordance of the Bible. | ||
| 630 | 0 | 0 |
_aBible. _pO.T. _vConcordances, Hebrew. _918003 |
| 700 |
_aEven-Shoshan, Abraham _eeditor _949306 |
||
| 740 | 2 | _aA new concordance of the Bible. | |
| 740 | 0 | _aḲonḳordantsyah ḥadashah le-Tanakh. | |
| 942 |
_2lcc _cREF _hBS 1121 .N48 _iC6 1983 |
||
| 999 |
_c5190 _d5190 |
||